| 000 | 00652cam a22002172 4500 | ||
|---|---|---|---|
| 001 | 0000003433 | ||
| 005 | 20151217151924.0 | ||
| 008 | 070507s xx 000 0 eng d | ||
| 020 |
_a0131465333 : _cKES 700 |
||
| 040 |
_aKABU _cKABU |
||
| 050 | 0 |
_aKF888 _b.C44 2005 |
|
| 100 | 1 |
_aCheeseman, Henry R. _@0000153360 |
|
| 245 | 1 | 4 | _aThe Legal environment of business and online commerce. |
| 250 | _a4th ed. | ||
| 260 |
_aupper Saddle River, NJ : _bPrentice Hall, _c2005. |
||
| 300 | _axxv, 838 p. | ||
| 650 | 0 |
_aBusiness law _zUnited States. _@0000153361 |
|
| 908 | _a070507 | ||
| 950 | _@1 | ||
| 999 |
_c6400 _d6400 |
||